| 000 | 02484nam a2200337 a 4500 | ||
|---|---|---|---|
| 001 | 17703020 | ||
| 008 | 180906s2014 ||||||||||||||||| || u | ||
| 010 | _a2013938304 | ||
| 020 | _a9781848607002 | ||
| 020 | _a9781848607019 (pbk.) | ||
| 020 | _a1848607008 (hbk.) | ||
| 020 | _a1848607016 (pbk.) | ||
| 050 | _aHV 6080 Gav | ||
| 100 | _aGavin, Helen | ||
| 245 | 1 | 0 |
_aCriminological and forensic psychology _c By Helen Gavin |
| 260 |
_aLos Angeles: _bSAGE Publications _c2014 |
||
| 300 | _axi, 409p.: ill. | ||
| 336 |
_atext _2rdacontent |
||
| 337 |
_aunmediated _2rdamedia |
||
| 338 |
_avolume _2rdacarrier |
||
| 500 | _aIncludes bibliographical references (pages 367-400) and index. Also issued online. | ||
| 505 | _aPart 1: Defining criminological and forensic psychology: Defining Forensic Psychology -- Research Methods in Forensic Psychology -- Part 2: Psychological explanations of crime: Theoretical Explanations of Crime -- Who Commits Crime? The Criminal Mind -- Juvenile Criminals -- Part 3: Psychological explanations of specific crime types: The Psychology of Homicide -- The Psychology of Terrorism -- Crimes of a Sexual Nature -- The Psychology of Firesetting -- The Psychology of Theft, Robbery and Burglary -- The Psychology of Economic Crime -- Part 4: Psychology in detection and investigation: Psychology in the Investigation of Crime -- Psychology in the Police Station 1: Victims and Witnesses -- Psychology in the Police Station 2: Investigative Interviews and the Psychology of False Confession -- Part 5: Psychology in the court room -- Psychology in Court 1 -- Psychology in Court 2 - The Defendant's Mind -- Psychology in Court 3 - The Jury -- Part 6: Psychology in prison: Imprisonment and Mental Disorder -- Long Term and Life Imprisonment. | ||
| 650 | 0 | _aFORENSIC PSYCHOLOGY-TEXTBOOKS | |
| 650 | 7 |
_aCRIMINAL PSYCHOLOGY _2fast |
|
| 650 | 0 | _aCRIMINAL PSYCHOLOGY--TEXTBOOKS | |
| 650 | 7 |
_aFORENSIC PSYCHOLOGY _2fast |
|
| 655 | _aTextbooks | ||
| 995 |
_FCBU-MAIN LIBRARY (Kitwe) _I57.75 _M3 _UAVAILABLE _WSep 6, 2018 _ZMain Library Open Access Collection |
||
| 995 |
_FCBU-MAIN LIBRARY (Kitwe) _I57.75 _M2 _UAVAILABLE _WSep 6, 2018 _ZMain Library Open Access Collection |
||
| 995 |
_FCBU-MAIN LIBRARY (Kitwe) _I57.75 _M1 _UAVAILABLE _WSep 6, 2018 _ZMain Library Open Access Collection |
||
| 999 |
_c62616 _d62616 |
||